• 首页
  • 本馆介绍
  • 公告通知
  • 最新文献
  • 馆藏检索
  • 电子资源
  • 读者导购
  • 参考咨询
  • 我的图书馆
  • 登录
  • 详细信息显示
  • 放入我的书架
  • 预约/预借图书
  • 作者相关作品
  • 分类相关作品
  • 丛书相关作品
  • 出版社相关作品

书目信息

  • 表格格式
  • 工作单格式
  • 卡片格式
题名:
贝塞斯达临床血液学手册
    
 
作者: 罗杰斯 , 扬 主编 ;叶向军 , 龚旭波 主译
分册:  
出版信息: 北京   科学出版社  2012
页数: 616页
开本: 19cm
丛书名:
单 册:
中图分类: R331.1-62
科图分类:
主题词: 血液学--手册
电子资源:
ISBN: 978-7-03-033130-4
000 01207nam0 2200289 450
001 0102315112
005 20120521143928.0
010    @a978-7-03-033130-4@dCNY98.00
100    @a20120315d2012 em y0chiy0120 ea
101 1  @achi@ceng
102    @aCN@b110000
105    @aa z 000yy
106    @ar
200 1  @a贝塞斯达临床血液学手册@9Bei Sai;Se Si Da Lin Chuang Xue;Xie Ye Xue Shou Ce @e中文翻译版@fGriffin P. Rodgers,Neal S. Young主编@g叶向军,龚旭波主译@b专著@dThe Bethesda handbook of clinical hematology@zeng
210    @a北京@c科学出版社@d2012
215    @a616页@d19cm
305    @a据原书第2版译出
330    @a本书涵盖了所有血液系统疾病,在临床诊治中还加强了对实验结果的评估,尤其是对标准血液学试验及流式细胞分析技术、分子生物学诊断和功能基因组学新技术的诠释,并将实验窒洞察到的新信息应用到治疗实践中。
510 1  @aBethesda handbook of clinical hematology@zeng
606 0  @a血液学@j手册
690    @aR331.1-62@v5
701  0 @c( )@a罗杰斯@9luo jie si@c(Rodgers, Griffin P.)@4主编
701  0 @c( )@a扬@9yang@c(Young, Neal S.)@4主编
702  0 @a叶向军@9ye xiang jun@4主译
702  0 @a龚旭波@9gong xu bo@4主译
801  0 @aCN@bZL@c20120327
905    @aBZT@dR331.1@e4@f2@sR331.1/4
    
    贝塞斯达临床血液学手册:中文翻译版/Griffin P. Rodgers,Neal S. Young主编/叶向军,龚旭波主译=The Bethesda handbook of clinical hematology.-北京:科学出版社,2012
    616页;19cm
    
    
    ISBN 978-7-03-033130-4:CNY98.00
    本书涵盖了所有血液系统疾病,在临床诊治中还加强了对实验结果的评估,尤其是对标准血液学试验及流式细胞分析技术、分子生物学诊断和功能基因组学新技术的诠释,并将实验窒洞察到的新信息应用到治疗实践中。
●
相关链接 在五车中查询图书 在当当中查询图书 在豆瓣中查询图书


正题名:贝塞斯达临床血液学手册     索取号:R331.1/4         预约/预借

序号 登录号 条形码 馆藏地/架位号 状态 备注
1 2000025968   2000025968   旧书回溯/ [索取号:R331.1/4] 在馆    
2 2000025969   2000025969   旧书回溯/ [索取号:R331.1/4] 在馆    
山东省滨州职业学院图书馆 欢迎您!
大连网信软件有限公司© 版权所有